000 00350nam a2200145Ia 4500
008 230917s9999||||xx |||||||||||||| ||und||
040 _e145999
_aMAIN
041 _aEnglish
082 _a362.7 B73C
100 _aBrahm prakash
245 0 _aChild behavior and development
260 _aNew Delhi
_bShree
_c2004
300 _a175p. p.
942 _cBK
999 _c130274
_d130274